01319cam a22003614i 4500003000900000005001700009008004100026020001500067035002700082040003300109082002300142100003300165245014300198264006800341300003800409336002100447337002500468338002300493505023600516526001000752526001000762526001000772526001000782526000800792526000800800526000800808526000800816526000800824526000800832526000800840630007900848700003000927PE-LiUPU20250731173532.0150616s1995 miu r 000 0 eng d a0802808735 a(Sirsi) i9780802808738 aPE-LiUPUbspacPE-LiUPUerda04a220.60922bH222211 aHarrisville, Roy A.,eautor.14aThe Bible in Modern Culture :btheology and historical-critical method from Spinoza to Käsemann /cRoy A. Harrisville y Walter Sundberg. 1aGrand Rapids, Michigan :bW. B. Eerdmans Publishing Co.,c1995. a282 páginas ;c23 centímetros atext2rdacontent aunmediated2rdamedia avolume2rdacarrier0 aThe war of the worldviews -- The emergence of rationalist biblical cristicism -- Pressing the rationalist attack -- Formation of the liberal protestant position -- The Bible as myth.- Historical criticism in the shadow of Idealism. aSEG42 aSEG41 aSEG40 aSEG39 aP94 aP87 aP86 aP85 aP77 aP76 aP35 aBibliaxCrítica, interpretación, etc.xHistoriayEpoca Moderna, 1500-.1 aSundberg, Walter,eautor.